Đại số tuyến tính /

Sparad:
Bibliografiska uppgifter
Huvudupphovsman: Thái Xuân Tiên.
Övriga upphovsmän: Nguyễn Viết Đức., Đặng Ngọc Dục. (.)
Materialtyp: Bok
Språk:Vietnamese
Publicerad: Đà Nẵng : Đại học Đà Nẵng, 1997.
Ämnen:
Taggar: Lägg till en tagg
Inga taggar, Lägg till första taggen!
Thư viện lưu trữ: Mạng thư viện Đại học Đà Nẵng
LEADER 01188cam a2200361 a 4500
001 000044512
003 2912
005 20060215153524.0
008 010220b1997 vm 000 vie
040 |a LRC  |c LRC  |d LRC 
041 0 |a vie 
082 1 4 |a 512.5  |b TH-T 
100 1 |a Thái Xuân Tiên. 
245 1 0 |a Đại số tuyến tính /  |c Thái Xuân Tiên, Nguyễn Viết Đức, Đặng NGọc Dục. 
260 |a Đà Nẵng :  |b Đại học Đà Nẵng,  |c 1997. 
300 |a 207 tr. ;  |c 20 cm. 
630 0 4 |a Toán học. 
630 0 4 |a Đại số tuyến tính. 
650 0 4 |a Đại số tuyến tính. 
700 1 |a Nguyễn Viết Đức. 
700 1 |a Đặng Ngọc Dục.  |4 . 
OWN |a DUT 
AVA |a UDN50  |b DUT  |c Book  |d 512.5 TH-T  |e check_holdings  |t Error 5003 Not defined in file expand_doc_bib_avail.  |h N  |j SH  |k 1 
999 |a From the UDN01 
AVA |a UDN50  |b DUT  |c Book  |d 512.5 TH-T  |e available  |t Error 5001 Not defined in file expand_doc_bib_avail.  |f 439  |g 25  |h N  |i 9  |j SH  |k 1 
TYP |a Monograph 
TYP |a Printed language 
980 |a Mạng thư viện Đại học Đà Nẵng